000
00205 a2200097 4500
001
7056
100
_a
Ali, B
245
_a
Muslim social philosophy
260
_a
_b
Ianiyatul falah
_c
090
_c
5826
_d
5826
942
_a
NUST-CAE
_c
M
_c
32296
999
_c
242129
_d
242129